| 000 | 00723nam a2200193Ii 4500 | ||
|---|---|---|---|
| 003 | JO-AjNU | ||
| 008 | 230605s9999||||xx |||||||||||||| ||und|| | ||
| 040 |
_aJO-AjNU _bara _erda _cJO-AjNU |
||
| 041 | _aara | ||
| 050 | 1 | 4 | _aBP161.2.K26 1900 |
| 100 | 3 |
_aالكاندهولي، محمد زكريا ، ترجمة: سعيد الرحمن الاعظمي, _eauthor _918288 |
|
| 245 | 0 | 0 | _aأسباب سعادة المسلمين وشقائهم في ضوء الكتاب والسنة |
| 264 | 3 | 1 | _aد.م: د.ن، د.ت |
| 300 | _a72ص | ||
| 336 |
_atext _btxt _2rdacontent |
||
| 337 |
_aunmediated _bn _2rdamedia |
||
| 338 |
_avolume _bnc _2rdacarrier |
||
| 650 | 4 |
_aالوعظ والارشاد- الاسلام- متفرقات _918289 |
|
| 999 |
_aA5820 _c9388 _d9388 |
||